[Event "MTO"]
[Site "Biel SUI"]
[Date "2009.07.27"]
[Round "7"]
[White "Kosintseva,T"]
[Black "Abdul,Majee"]
[Result "1-0"]
[WhiteElo "2539"]
[BlackElo "2257"]

1.e4 e6 2.d4 d5 3.Nc3 Nf6 4.e5 Nfd7 5.f4 c5 6.Nf3 Nc6 7.Be3 cxd4 8.Nxd4 Bc5
9.Qd2 O-O 10.O-O-O a6 11.Nb3 Bxe3 12.Qxe3 Qe7 13.Bd3 b5 14.g4 Bb7 15.Qh3 g6
16.Rhe1 Rfc8 17.Kb1 Rc7 18.Qg3 Nb4 19.f5 Qg5 20.h4 Qh6 21.g5 Qf8 22.fxe6 fxe6
23.Nd4 Qe7 24.Be2 Nc6 25.Nxe6  1-0

[Event "ZMD Open"]
[Site "Dresden GER"]
[Date "2009.07.27"]
[Round "3"]
[White "Arutinian,D"]
[Black "Jungbluth,M"]
[Result "1-0"]
[WhiteElo "2526"]
[BlackElo "2055"]

1.e4 e6 2.d4 d5 3.Nc3 Nf6 4.e5 Nfd7 5.f4 c5 6.Nf3 Nc6 7.Be3 a6 8.Qd2 b5 9.dxc5 Bxc5
10.Bxc5 Nxc5 11.Qf2 Qb6 12.Bd3 Rb8 13.O-O Na4 14.Nd1 Bd7 15.b3 Nc5 16.Nc3 Nb4
17.Rfd1 Nbxd3 18.cxd3 b4 19.Ne2 Bb5 20.Rac1 Nd7 21.Qxb6 Nxb6 22.Nfd4 Bd7
23.Rc7 O-O 24.Rdc1 Rfc8 25.Kf2 Kf8 26.Ra7 Ra8 27.Rxc8+ Bxc8 28.Rxa8 Nxa8
29.Nc6 a5 30.Nxa5 Bd7 31.Nb7  1-0

[Event "2nd Open"]
[Site "Paleohora GRE"]
[Date "2009.07.27"]
[Round "8"]
[White "Tukhaev,A"]
[Black "Lipka,J"]
[Result "1-0"]
[WhiteElo "2534"]
[BlackElo "2419"]

1.e4 e6 2.d4 d5 3.Nc3 Nf6 4.e5 Nfd7 5.f4 c5 6.Nf3 Nc6 7.Be3 a6 8.Qd2 b5 9.a3 Bb7
10.Bd3 Qb6 11.Qf2 cxd4 12.Nxd4 Bc5 13.Nce2 b4 14.c3 a5 15.axb4 axb4 16.Rxa8+ Bxa8
17.O-O Bb7 18.Bb5 bxc3 19.Bxc6 Bxc6 20.b4 Bxd4 21.Nxd4 Qc7 22.f5 exf5 23.Qxf5 O-O
24.e6 Nb8 25.Bf4 Qa7 26.exf7+ Kh8 27.Be3 Qe7 28.Ne6 c2 29.Nxf8 Qxe3+ 30.Kh1  1-0

[Event "2nd Open"]
[Site "Paleohora GRE"]
[Date "2009.07.27"]
[Round "8"]
[White "David,Alb"]
[Black "Antic,De"]
[Result "1-0"]
[WhiteElo "2565"]
[BlackElo "2523"]

1.e4 e6 2.d4 d5 3.Nc3 Nf6 4.e5 Nfd7 5.f4 c5 6.Nf3 Nc6 7.Be3 cxd4 8.Nxd4 Bc5
9.Qd2 O-O 10.O-O-O a6 11.Qf2 Nxd4 12.Bxd4 b6 13.Kb1 Bb7 14.Be2 Rc8 15.Rhf1 Qc7
16.Bd3 b5 17.Ne2 b4 18.Qe3 a5 19.f5 exf5 20.Bxf5 Bxd4 21.Nxd4 g6 22.Qh6 Rce8
23.Bxd7 Qxd7 24.Rde1 Qg4 25.Nf3 Re7 26.h3 Qg3 27.Re3 Qxg2 28.Rc1 Qf2 29.Ng5 f6
30.Rf3 Qb6 31.h4 f5 32.h5 Rg7 33.e6 d4 34.hxg6 Bxf3 35.gxh7+ Kh8 36.e7  1-0

[Event "Czech Open A"]
[Site "Pardubice CZE"]
[Date "2009.07.27"]
[Round "4"]
[White "Smith,Ax"]
[Black "Gavrilov,Al1"]
[Result "1-0"]
[WhiteElo "2377"]
[BlackElo "2480"]

1.e4 e6 2.d4 d5 3.Nc3 Nf6 4.e5 Nfd7 5.f4 c5 6.Nf3 Nc6 7.Be3 Be7 8.Qd2 O-O
9.dxc5 Bxc5 10.Bxc5 Nxc5 11.O-O-O Qa5 12.Kb1 Rb8 13.Qe3 Na4 14.Nxa4 Qxa4
15.Nd4 Bd7 16.Rd2 Rfc8 17.c3 b5 18.Nxc6 Bxc6 19.Rd4 b4 20.Bd3 Qa5 21.cxb4 Rxb4
22.Rxb4 Qxb4 23.a3 Qb7 24.Qd4 Rb8 25.Rc1 Bb5 26.Bxb5 Qxb5 27.Rc2 a5 28.g3 h6
29.Rc5 Qe2 30.Rc2 Qf3 31.Qc3 Qh1+ 32.Ka2 Qe4 33.Rd2 Qa4 34.f5 Qb5 35.f6 a4
36.fxg7 Qb3+ 37.Qxb3 axb3+ 38.Kb1 Kxg7 39.Rd4 Kg6 40.Rf4 Rb5 41.g4 Kg5 42.Rd4 Rc5
43.Rb4 d4 44.Rxd4 Rxe5 45.Kc1 Re2 46.Rb4 Rxh2 47.a4 e5 48.Rxb3 h5 49.gxh5 Rxh5
50.a5 f5 51.a6 Rh8 52.a7 Ra8 53.Rb7 e4 54.Kd2 Kf4 55.Ke2 e3 56.b4 Ke4 57.b5 f4
58.Re7+ Kd5 59.b6 Kc6 60.b7 Rxa7 61.b8=Q Rxe7 62.Qxf4 Re6 63.Qf7 Kd6 64.Qb7 Re7
65.Qc8 Re6 66.Qd8+ Kc6 67.Qd3 Kc7 68.Qd4 Kc6 69.Qd8 Re5 70.Qf6+ Kd5 71.Qb6 Re6
72.Qc7 Re5 73.Qd7+ Kc5 74.Qc7+ Kd5 75.Kd3 Re6 76.Qd7+ Ke5 77.Kxe3 Rd6 78.Qc7 Kd5
79.Qa5+ Kc4 80.Qa4+ Kc5 81.Ke4 Re6+ 82.Kf5 Rd6 83.Ke5 Rd5+ 84.Ke4 Rd6 85.Qa3+ Kc6
86.Ke5 Rd5+ 87.Ke6 Rb5 88.Qd6+ Kb7 89.Kd7 Ka7 90.Kc8 Rb6 91.Qa3+ Ra6 92.Qc5+ Rb6
93.Kc7  1-0

[Event "Czech Open A"]
[Site "Pardubice CZE"]
[Date "2009.07.28"]
[Round "5"]
[White "Trygstad,K"]
[Black "Nakar,Ey"]
[Result "1/2-1/2"]
[WhiteElo "2311"]
[BlackElo "2242"]

1.e4 e6 2.d4 d5 3.Nc3 Nf6 4.e5 Nfd7 5.f4 c5 6.Nf3 Nc6 7.Be3 Be7 8.Qd2 O-O
9.Be2 a6 10.O-O b5 11.a3 Rb8 12.Nd1 b4 13.axb4 Rxb4 14.c3 Rb8 15.Bd3 f5 16.exf6 Nxf6
17.dxc5 Na5 18.Rxa5 Qxa5 19.b4 Qa4 20.Bc2 Qe8 21.Bd4 a5 22.Nf2 axb4 23.cxb4 Bb7
24.Ng5 Qc6 25.Qd3 Ne4 26.b5 Qe8 27.c6 Bxg5 28.fxg5 Bxc6 29.bxc6 Qxc6 30.Ba1 Qc5
31.Bd4 Qc6 32.Ba1 Qc5 33.Bd4 Qc6  1/2-1/2

[Event "ZMD Open"]
[Site "Dresden GER"]
[Date "2009.07.29"]
[Round "5"]
[White "Guennigmann,M"]
[Black "Huettemann,R"]
[Result "1-0"]
[WhiteElo "2165"]
[BlackElo "1994"]

1.e4 e6 2.d4 d5 3.Nc3 Nf6 4.e5 Nfd7 5.Nce2 c5 6.c3 Nc6 7.f4 f5 8.Nf3 Be7
9.g3 b5 10.Bh3 c4 11.O-O Nb6 12.g4 g6 13.gxf5 gxf5 14.Ng3 Kd7 15.Ng5 Bxg5
16.fxg5 Kc7 17.Nh5 Bd7 18.Nf6 Qe7 19.Bf4 Kb7 20.Bg2 Be8 21.Rf3 Bf7 22.Rg3 Be8
23.h4 Qd8 24.Bf3 Ne7 25.h5 Rc8 26.Qd2 Rc7 27.Qg2 Kc8 28.g6 hxg6 29.Nxe8 Qxe8
30.hxg6 Nc6 31.g7 Rg8 32.Rg6 Qd7 33.Rxe6 Rxg7 34.Qxg7 Qxe6  1-0

[Event "ZMD Open"]
[Site "Dresden GER"]
[Date "2009.07.29"]
[Round "5"]
[White "Peschlow,P"]
[Black "Luther,T"]
[Result "1/2-1/2"]
[WhiteElo "2296"]
[BlackElo "2552"]

1.e4 e6 2.d4 d5 3.Nc3 Nf6 4.e5 Nfd7 5.f4 c5 6.Nf3 Nc6 7.Be3 Be7 8.Qd2 O-O
9.Be2 f6 10.exf6 Nxf6 11.dxc5 Ng4 12.Bg1 Qa5 13.Nd4 Nxd4 14.Bxd4 Nh6 15.a3 Bxc5
16.Bxc5 Qxc5 17.O-O-O Bd7 18.Bd3 b5 19.Ne2 a5 20.Qc3 Qd6 21.Qd4 b4 22.axb4 axb4
23.Rhf1 Ra4 24.b3 Ra2 25.Kd2 Nf5 26.Bxf5 Rxf5 27.Rf3 Be8 28.Nc1 Ra8 29.Nd3 Bh5
30.g4 Bxg4 31.Rg3 h5 32.h3 e5 33.fxe5 Qh6+ 34.Re3 Bxd1 35.Qxd5+ Kh7 36.Qxa8 Bxc2
37.Qe4 Bxd3 38.Qxd3 Qe6 39.Rf3 g6 40.Rxf5 gxf5 41.Qd6 Qxb3 42.Qe7+ Kg8 43.Qg5+ Kf8
44.Qd8+ Kf7 45.Qf6+ Ke8 46.Qc6+ Ke7  1/2-1/2

[Event "ch-Africa w"]
[Site "Tripoli LBA"]
[Date "2009.07.29"]
[Round "8"]
[White "Greeff,M"]
[Black "Alaa el Din,Y"]
[Result "1-0"]
[WhiteElo "2038"]
[BlackElo "1913"]

1.e4 e6 2.d4 d5 3.Nc3 Nf6 4.e5 Nfd7 5.f4 c5 6.Nf3 Nc6 7.Be3 cxd4 8.Nxd4 Bc5
9.Qd2 O-O 10.Bb5 Qc7 11.Qf2 Bxd4 12.Bxd4 Nxd4 13.Qxd4 a6 14.Bd3 b5 15.O-O Qc5
16.Ne2 Bb7 17.b4 Qxd4+ 18.Nxd4 Nb6 19.Rf3 Nc4 20.Rh3 h6 21.g4 Rfe8 22.Kf2 Kf8
23.Rg1 Ke7 24.g5 hxg5 25.Rxg5 Rh8 26.Rxh8 Rxh8 27.Rxg7 Rxh2+ 28.Kg3 Rh6 29.Rg8 Kd7
30.Rf8 Bc8 31.Rxf7+ Ke8 32.Rg7 Rh1 33.Kg2 Rh4 34.Kg3 Rh1 35.Rc7 Kd8 36.Rh7 Rxh7
37.Bxh7 Ke7 38.Kf3 Bd7 39.Ke2 Kf7 40.Nb3 Kg7 41.Bd3 Kh6 42.Nc5 Bc8 43.Bxc4 bxc4
44.Ke3 Kg6 45.a4 Kf5 46.b5 axb5 47.axb5 d4+ 48.Kxd4 Kxf4 49.b6 c3 50.b7 Bxb7
51.Nxb7  1-0

[Event "Brama Lubawska"]
[Site "Lubawka POL"]
[Date "2009.07.30"]
[Round "2"]
[White "Walas,A"]
[Black "Galyga,J"]
[Result "1/2-1/2"]
[WhiteElo "1862"]
[BlackElo "1944"]

1.e4 e6 2.d4 d5 3.Nc3 Nf6 4.e5 Nfd7 5.Nf3 c5 6.dxc5 Bxc5 7.Bd3 Nc6 8.Bf4 f6
9.exf6 Nxf6 10.Bg3 O-O 11.O-O a6 12.a3 Nh5 13.Bh4 Qe8 14.Ne2 h6 15.c3 Qf7
16.Qc2 Nf4 17.Nxf4 Qxf4  1/2-1/2

[Event "Czech Open A"]
[Site "Pardubice CZE"]
[Date "2009.07.30"]
[Round "7"]
[White "Pacher,M"]
[Black "Nakar,Ey"]
[Result "0-1"]
[WhiteElo "2358"]
[BlackElo "2242"]

1.e4 e6 2.d4 d5 3.Nc3 Nf6 4.e5 Nfd7 5.f4 c5 6.Nf3 Nc6 7.Be3 Be7 8.Qd2 O-O
9.dxc5 Bxc5 10.O-O-O a6 11.Bxc5 Nxc5 12.Qf2 Qa5 13.Kb1 Bd7 14.h4 f6 15.exf6 Rxf6
16.g3 Na4 17.Nxa4 Qxa4 18.Bh3 Be8 19.Rhe1 Bg6 20.Bxe6+ Rxe6 21.Rxe6 Nb4 22.Rxg6 Qxa2+
23.Kc1 hxg6 24.Qd4 a5 25.Qe5 d4 26.Rxd4 Qa1+ 27.Kd2 Qxb2 28.Ne1 Rc8 29.Ke2 Rf8
30.Re4 Qa2 31.Kf1 Qd5 32.Kg2 Qxe5 33.fxe5 Rc8 34.e6 Nxc2 35.Nd3 Nb4 36.Nf4 Nc6
37.Nxg6 Re8 38.Kh3 b5 39.Kg4 a4 40.Nf4 a3 41.Kf5 a2 42.Re1 Nd4+  0-1

[Event "ZMD Open"]
[Site "Dresden GER"]
[Date "2009.07.31"]
[Round "7"]
[White "Nyzhnyk,I"]
[Black "Graf,A"]
[Result "0-1"]
[WhiteElo "2486"]
[BlackElo "2583"]

1.e4 e6 2.d4 d5 3.Nc3 Nf6 4.e5 Nfd7 5.f4 c5 6.Nf3 Nc6 7.Be3 Qb6 8.Na4 Qa5+
9.c3 c4 10.b4 Qc7 11.Be2 Be7 12.O-O O-O 13.Nb2 b5 14.a3 a5 15.Qc2 f6 16.g4 Nb6
17.Kg2 Bd7 18.exf6 gxf6 19.g5 axb4 20.axb4 Rxa1 21.Rxa1 Be8 22.gxf6 Bg6 23.Qd2 Bxf6
24.Nd1 Nc8 25.Nf2 Nd6 26.Ng5 Qd7 27.Ng4 Ne4 28.Qe1 Ne7 29.Bf3 Kh8 30.Bxe4 dxe4
31.Nxf6 Rxf6 32.d5 e5 33.fxe5 Rf8 34.d6 Nf5 35.Kh1 h6 36.Ra7 Qe8 37.d7 Qxe5
38.Qd2 Rd8 39.Nh3 Bh5  0-1

[Event "ZMD Open"]
[Site "Dresden GER"]
[Date "2009.07.31"]
[Round "7"]
[White "Bobras,P"]
[Black "Farago,I"]
[Result "1/2-1/2"]
[WhiteElo "2568"]
[BlackElo "2511"]

1.e4 e6 2.d4 d5 3.Nc3 Nf6 4.e5 Nfd7 5.f4 c5 6.Nf3 Nc6 7.Be3 Be7 8.Qd2 O-O
9.dxc5 Bxc5 10.Bxc5 Nxc5 11.O-O-O Qa5 12.h4 Bd7 13.Rh3 Rac8 14.Rg3 Ne7 15.Kb1 Na4
16.Nxa4 Qxd2 17.Rxd2 Bxa4 18.Nd4 Nc6 19.b3 Nxd4 20.Rxd4 Bc6 21.h5 f6 22.exf6 Rxf6
23.Re3 Re8 24.Be2 e5 25.fxe5 Rfe6 26.Bf3 Rxe5 27.Red3 Rg5 28.Kb2 Ree5 29.Rf4 Ref5
30.Rdd4 h6 31.Rxf5 Rxf5 32.Kc3 Kf7 33.Kd3 Kf6 34.Ke3 Ke5 35.c3 Rg5 36.b4 Ke6
37.g4 Re5+ 38.Kf4 Bb5 39.Rd1 Bc4 40.a4 Kd6 41.a5 Re6 42.Rd4 Rf6+ 43.Kg3 Ke5
44.Rd1 g5 45.hxg6 Rxg6 46.Rh1 Rf6 47.Rh5+ Kd6 48.Kf2 Re6 49.Rf5 b6 50.axb6 axb6
51.Rh5 Kc6 52.Rf5 Kb5 53.Bxd5  1/2-1/2

[Event "Czech Open A"]
[Site "Pardubice CZE"]
[Date "2009.07.31"]
[Round "8"]
[White "Krejci,Jan2"]
[Black "Serov,M"]
[Result "1-0"]
[WhiteElo "2453"]
[BlackElo "2345"]

1.e4 e6 2.d4 d5 3.Nc3 Nf6 4.e5 Nfd7 5.Nce2 c5 6.c3 Nc6 7.f4 b5 8.Nf3 b4 9.c4 Nb6
10.cxd5 Nxd5 11.Ng3 cxd4 12.Bd3 Qb6 13.Be4 Qb5 14.Bd3 Qb6 15.O-O Be7 16.Qe2 a5
17.Kh1 g6 18.Qe4 Bc5 19.Ng5 Nce7 20.Qe2 Ba6 21.N3e4 Bxd3 22.Qxd3 h6 23.Qh3 Kf8
24.f5 exf5 25.e6 Kg7 26.Nxf7 h5 27.Qg3 Qxe6 28.Nfg5 Qa6 29.Qe5+ Kg8 30.Bd2 fxe4
31.Rf7  1-0

[Event "Open"]
[Site "Stara Pazova SRB"]
[Date "2009.07.31"]
[Round "8"]
[White "Michalik,P"]
[Black "Kosic,D"]
[Result "1/2-1/2"]
[WhiteElo "2428"]
[BlackElo "2488"]

1.e4 e6 2.d4 d5 3.Nc3 Nf6 4.e5 Nfd7 5.f4 c5 6.Nf3 Nc6 7.Be3 Be7 8.Qd2 O-O
9.Be2 a6 10.O-O b5 11.dxc5 Bxc5 12.Bxc5 Nxc5 13.Kh1 b4 14.Nd1 a5 15.Nf2 Ba6
16.Nd3 Ne4 17.Qe3 Qc7 18.Nf2 Nxf2+ 19.Rxf2 Qa7 20.Qxa7 Rxa7 21.g3 Bxe2 22.Rxe2 a4
23.Rd1 Ra5 24.Kg2 Rc5 25.Kf2 Rc8 26.Ne1 Kf8 27.Nd3 Rc4 28.b3 Rc3 29.Nb2 axb3
30.axb3 Na7 31.Rdd2 Nb5 32.Ke1 Ke7 33.Rf2 Re3+ 34.Rfe2 Rxe2+ 35.Kxe2 Nc3+
36.Ke1 Ra8 37.Rd4 Ra1+ 38.Kd2 Ne4+ 39.Kd3 Rb1 40.Na4 Rd1+ 41.Ke3 Re1+ 42.Kf3 Rf1+
43.Ke3 Re1+ 44.Kf3 Rc1 45.Rxb4 Rxc2 46.Rb7+ Ke8 47.Rb8+ Ke7 48.Rb7+ Ke8 49.Rb8+ Ke7  1/2-1/2

[Event "Czech Open A"]
[Site "Pardubice CZE"]
[Date "2009.08.01"]
[Round "9"]
[White "Vojtek,V"]
[Black "Galburd,Y"]
[Result "1/2-1/2"]
[WhiteElo "2330"]
[BlackElo "2265"]

1.e4 e6 2.d4 d5 3.Nc3 Nf6 4.e5 Nfd7 5.f4 c5 6.Nf3 Nc6 7.Be3 Be7 8.Qd2 O-O
9.O-O-O c4 10.f5 b5 11.f6 gxf6 12.exf6 Bxf6 13.Nxb5 Rb8 14.Nc3 Qb6 15.Na4 Qa6
16.Bg5 Bg7 17.Bh6 Bxh6 18.Qxh6 Qxa4 19.Ng5 Nf6 20.Qxf6 Rxb2 21.Kxb2 Nb4 22.Rc1 Nxa2
23.Ne4 Qb4+  1/2-1/2

[Event "Arctic Chess Challenge"]
[Site "Tromso NOR"]
[Date "2009.08.03"]
[Round "3"]
[White "Greeff,M"]
[Black "Hagen,Ande"]
[Result "1/2-1/2"]
[WhiteElo "2038"]
[BlackElo "2132"]

1.e4 e6 2.d4 d5 3.Nc3 Nf6 4.e5 Nfd7 5.f4 c5 6.Nf3 Nc6 7.Be3 a6 8.Qd2 b5 9.Be2 Qb6
10.Nd1 Bb7 11.c3 Rc8 12.O-O Be7 13.Nf2 a5 14.Nd3 cxd4 15.Nxd4 Nxd4 16.Bxd4 Qc6
17.Qe3 O-O 18.f5 exf5 19.Rxf5 b4 20.Rh5 bxc3 21.bxc3 Rfe8 22.Bg4 Rcd8 23.e6 Bf6
24.Qh3 Bxd4+ 25.cxd4 Qb6 26.Rf1 Qxd4+ 27.Kh1 Nf6 28.Rxh7 fxe6 29.Rh8+ Kf7
30.Bh5+ Ke7 31.Bxe8 Rxe8 32.Rxe8+ Nxe8 33.Re1 Bc8 34.Ne5 Qd2 35.Qe3 Qxe3
36.Rxe3 Kd6 37.Nf3 Bd7 38.g4 Nf6 39.g5 Ne4 40.h4 Be8 41.Kg2 e5 42.Rb3 d4
43.Rb6+ Kd5 44.Rb7 Nd6 45.Rxg7 e4 46.Nxd4 Kxd4 47.Kf2 e3+ 48.Ke1 Nf5 49.Rg8 Bb5
50.Rd8+ Ke5 51.a4 Bxa4 52.Ra8 Kf4 53.Rxa5 Be8 54.Ra8 Bh5 55.Rf8 Kg4 56.Rf6 Nxh4
57.Re6 Kxg5 58.Rxe3 Ng2+ 59.Kd2 Nxe3 60.Kxe3  1/2-1/2

[Event "Mercosur Cup"]
[Site "Villa Martelli ARG"]
[Date "2009.08.06"]
[Round "3"]
[White "Oliveira,Si"]
[Black "Cori T.,D"]
[Result "1-0"]
[WhiteElo "2357"]
[BlackElo "2390"]

1.e4 e6 2.d4 d5 3.Nc3 Nf6 4.e5 Nfd7 5.f4 c5 6.Nf3 Nc6 7.Be3 a6 8.Qd2 b5 9.a3 g5
10.fxg5 cxd4 11.Nxd4 Ncxe5 12.Nf3 Bg7 13.O-O-O Rb8 14.Nxe5 Nxe5 15.Ne4 Ng4
16.Bc5 Be5 17.Bb4 Qc7 18.Ba5 Qa7 19.Bc3 Bxc3 20.Qxc3 Qe3+ 21.Qxe3 Nxe3 22.Nf6+ Ke7
23.Rd3 Nc4 24.Rh3 Bb7 25.Bxc4 bxc4 26.Rf1 d4 27.Rh4 Rbd8 28.g3 a5 29.Kd2 Ba6
30.Rff4 d3 31.cxd3 Rxd3+ 32.Kc2 Rhd8 33.Ne4 Bb5 34.Rxh7 Ba4+ 35.b3 Bxb3+
36.Kb2 Rd2+ 37.Nxd2 Rxd2+ 38.Kc3 Rd3+ 39.Kb2 a4 40.Rfxf7+ Ke8 41.Rc7 Rd2+
42.Kc3 Rd3+ 43.Kb4 e5 44.Ra7  1-0

[Event "Asian Zone 3.2 m"]
[Site "New Delhi IND"]
[Date "2009.08.10"]
[Round "3"]
[White "Deepan,C"]
[Black "Reefat,S"]
[Result "1-0"]
[WhiteElo "2506"]
[BlackElo "2486"]

1.e4 e6 2.d4 d5 3.Nc3 Nf6 4.e5 Nfd7 5.f4 c5 6.Nf3 Nc6 7.Be3 Be7 8.Qd2 O-O
9.Be2 a6 10.O-O b5 11.a3 Qb6 12.Nd1 a5 13.c3 Rb8 14.dxc5 Bxc5 15.b4 Bxe3+
16.Nxe3 f6 17.Kh1 Bb7 18.Nxd5 Qd8 19.exf6 exd5 20.Qxd5+ Rf7 21.Ng5 Qxf6 22.Qxf7+ Qxf7
23.Nxf7 Kxf7 24.Bxb5 Nf6 25.Be2 Rc8 26.Rac1 Ne7 27.c4 Nf5 28.c5 Ne3 29.Bf3 Ba6
30.Rfe1 Ned5 31.Red1 Nxf4 32.Rd6 Nd3 33.Rc3 axb4 34.axb4 Nxb4 35.Rb6 Nbd5
36.Bxd5+ Nxd5 37.Rf3+ Nf6 38.Rxa6 Rxc5 39.Ra7+ Kg8 40.h3 h6 41.Kh2 Rc6 42.Re3 Rc5
43.Rf3 Re5 44.Rg3 Nh5 45.Rb3 Kh7 46.Rb4 Nf6 47.Kg3 Rg5+ 48.Kf3 h5 49.h4 Rg6
50.Rb5 Kh6 51.Rg5 Rxg5 52.hxg5+ Kxg5 53.Rxg7+  1-0

[Event "XVIII TCh-MKD"]
[Site "Struga MKD"]
[Date "2009.08.10"]
[Round "1"]
[White "Cvetkovski,S"]
[Black "Jacimovic,D"]
[Result "0-1"]
[WhiteElo "1995"]
[BlackElo "2427"]

1.e4 e6 2.d4 d5 3.Nc3 Nf6 4.e5 Nfd7 5.f4 c5 6.Nf3 a6 7.Be3 Qb6 8.Na4 Qa5+
9.c3 cxd4 10.b4 Qc7 11.Bxd4 Nc6 12.Be3 b5 13.Nb2 f6 14.f5 Ndxe5 15.fxe6 Bxe6
16.Nd3 Nxd3+ 17.Bxd3 Bd6 18.a3 Ne5 19.Bd4 O-O 20.g3 Bg4 21.Be2 Nxf3+ 22.Bxf3 Bxg3+
23.Bf2 Rfe8+ 24.Kf1 Bh3+ 25.Kg1 Bxf2+ 26.Kxf2 Qxc3 27.Qxd5+ Be6 28.Qxa8 Qd2+
29.Kg3 Qg5+ 30.Kf2 Rxa8 31.Bxa8 Qf4+ 32.Kg2 Qd2+ 33.Kg3 Qe3+ 34.Bf3 Bd5 35.Rhf1 Bxf3
36.Rfe1 Be2+  0-1

[Event "Asian Zone 3.2 m"]
[Site "New Delhi IND"]
[Date "2009.08.14"]
[Round "9"]
[White "Deepan,C"]
[Black "Rathnakaran,K"]
[Result "1/2-1/2"]
[WhiteElo "2506"]
[BlackElo "2428"]

1.e4 e6 2.d4 d5 3.Nc3 Nf6 4.e5 Nfd7 5.f4 c5 6.Nf3 Nc6 7.Ne2 b5 8.a3 Qb6 9.c3 a5
10.Be3 c4 11.Qd2 g6 12.g4 h5 13.gxh5 Rxh5 14.Ng3 Rh8 15.h4 Rb8 16.h5 Rg8
17.hxg6 Rxg6 18.Kf2 b4 19.axb4 axb4 20.Ra2 Ne7 21.Be2 f6 22.Nh2 Kd8 23.Ng4 Ng8
24.Rh8 f5 25.Nh2 Rh6 26.Rxg8 Rxh2+ 27.Kg1 Rh7 28.Nh5 Kc7 29.Kg2 Bb7 30.Bf3 Be7
31.Rxb8 Kxb8 32.Ra1 Qd8 33.Rh1 Nf8 34.Bf2 b3 35.Qe1 Ng6 36.Bg3 Bc6 37.Qa1 Kb7
38.Kf2 Rh8 39.Ke3 Qb6 40.Ng7 Ra8 41.Qb1 Nf8 42.Rh6 Qa5 43.Nxe6 Qa2 44.Qc1 Ba3
45.Nc5+ Kc7 46.Rxc6+ Kxc6 47.Bxd5+ Kc7 48.Qf1 Bxc5 49.Qxc4 Ra5 50.dxc5 Qxb2
51.Qxb3 Qxb3 52.Bxb3 Ra3 53.Bc4 Rxc3+ 54.Bd3 Ne6 55.Kd2 Ra3 56.Bf2 Nxf4 57.Bxf5 Rf3  1/2-1/2

[Event "A2Bmedialtd.com Int Gp C"]
[Site "Uxbridge ENG"]
[Date "2009.08.14"]
[Round "4"]
[White "McKenna,Jas"]
[Black "Bailey,K"]
[Result "1-0"]
[WhiteElo "2146"]
[BlackElo "2082"]

1.e4 e6 2.d4 d5 3.Nc3 Nf6 4.e5 Nfd7 5.f4 c5 6.Nf3 Nc6 7.Be3 Be7 8.Be2 O-O
9.O-O a6 10.Qd2 b5 11.dxc5 Bxc5 12.Bxc5 Nxc5 13.Bd3 b4 14.Nd1 Nxd3 15.cxd3 Qb6+
16.Qf2 Qxf2+ 17.Rxf2 Bd7 18.Rc1 Rab8 19.b3 Rfc8 20.Rfc2 Na7 21.Rxc8+ Rxc8
22.Rxc8+ Bxc8 23.Nd4 Bd7 24.Kf2 f6 25.Ke3 Kf7 26.Nf2 Ke7 27.Ng4 Kf7 28.h4 h5
29.Nf2 Kg6 30.Nh3 Kf7 31.Ng1 Kg6 32.Ngf3 Kf7 33.g3 Kg6 34.Ng1 Kf7 35.Nge2 Kg6
36.f5+ exf5 37.Nf4+ Kh7 38.e6 Be8 39.Nxd5 Nc6 40.Nxc6 Bxc6 41.Nxb4 Bb5 42.a4 Be8
43.Nxa6 g5 44.Nc7  1-0

[Event "BDO Premier"]
[Site "Haarlem NED"]
[Date "2009.08.15"]
[Round "1"]
[White "Nijboer,F"]
[Black "Zumsande,M"]
[Result "1-0"]
[WhiteElo "2552"]
[BlackElo "2403"]

1.e4 e6 2.d4 d5 3.Nc3 Nf6 4.e5 Nfd7 5.f4 c5 6.Nf3 Nc6 7.Be3 a6 8.Qd2 b5 9.Be2 Qb6
10.Nd1 b4 11.c3 a5 12.O-O Be7 13.Rc1 O-O 14.Bf2 Ba6 15.Bxa6 Qxa6 16.f5 bxc3
17.bxc3 Rab8 18.Ne3 Qb6 19.Ng4 exf5 20.Ne3 cxd4 21.Nxf5 Rfe8 22.cxd4 Nd8
23.Ne3 Bb4 24.Qd3 Qe6 25.Ng5 Qh6 26.Nh3 Ne6 27.Nxd5 Bf8 28.Nc7 Red8 29.Nxe6 fxe6
30.Be3 Nxe5 31.Qe4  1-0

[Event "BDO Premier"]
[Site "Haarlem NED"]
[Date "2009.08.17"]
[Round "3"]
[White "Van Kampen,R"]
[Black "Zumsande,M"]
[Result "1/2-1/2"]
[WhiteElo "2383"]
[BlackElo "2403"]

1.e4 e6 2.d4 d5 3.Nc3 Nf6 4.e5 Nfd7 5.f4 c5 6.Nf3 Nc6 7.Be3 a6 8.Qd2 b5 9.dxc5 Bxc5
10.Ne2 Qb6 11.Bxc5 Nxc5 12.Ned4 Bd7 13.Nxc6 Bxc6 14.Qd4 b4 15.a3 a5 16.axb4 axb4
17.Rxa8+ Bxa8 18.Bd3 O-O 19.O-O Bc6 20.f5 exf5 21.Bxf5 Bd7 22.Bd3 h6 23.Ra1 Rb8
24.Kh1 Be6 25.Qe3 Bg4 26.Be2 Ne6 27.Qxb6 Rxb6 28.Ra8+ Kh7 29.Bd3+ g6 30.Nd2 Nc5
31.Ra7 Kg7 32.Kg1 b3 33.Ra5 Nb7 34.Rxd5 bxc2 35.Bxc2 Rxb2 36.Be4 Be6 37.Rd4 Nc5
38.Bd5 g5 39.Bxe6 Nxe6 40.Rd7 Kg6 41.g3 g4 42.Kf2 Ra2 43.Ke3 h5 44.Rb7 Ra3+
45.Ke2 Ra5 46.Nc4 Ra2+ 47.Rb2 Rxb2+ 48.Nxb2 Kf5 49.Nc4 Nd4+ 50.Ke3 Nf3 51.Nd6+ Ke6
52.Ke4 Nxe5 53.Ne8 Ng6  1/2-1/2

[Event "24th Open"]
[Site "Schwarzach AUT"]
[Date "2009.08.17"]
[Round "3"]
[White "Zelcic,R"]
[Black "Van Dooren,D"]
[Result "1/2-1/2"]
[WhiteElo "2554"]
[BlackElo "2308"]

1.e4 e6 2.d4 d5 3.Nc3 Nf6 4.e5 Nfd7 5.f4 c5 6.Nf3 Nc6 7.Be3 cxd4 8.Nxd4 Bc5
9.Qd2 a6 10.Be2 O-O 11.Rd1 Qc7 12.O-O b5 13.a3 b4 14.axb4 Bxb4 15.Kh1 Nc5
16.Qe1 Ne4 17.Nxc6 Bxc3 18.bxc3 Qxc6 19.c4 f6 20.cxd5 exd5 21.exf6 Nxf6 22.c4 Be6
23.Bf3 Qxc4 24.Bd4 Ne4 25.Be5 Rf7 26.Rd4 Qc5 27.Qa1 Qc2 28.Qa5 Qb3 29.Qe1 a5
30.Bxe4 dxe4 31.Qxe4 Qb7 32.Qd3 Rd7 33.f5 Rxd4 34.Bxd4 Bd5 35.Qg3 Rd8 36.Bc3 Rc8
37.Rg1 Rxc3 38.Qxc3  1/2-1/2

[Event "BDO Challenger"]
[Site "Haarlem NED"]
[Date "2009.08.18"]
[Round "4"]
[White "Stets,D"]
[Black "De Jager,J"]
[Result "1/2-1/2"]
[WhiteElo "2427"]
[BlackElo "2358"]

1.e4 e6 2.d4 d5 3.Nc3 Nf6 4.e5 Nfd7 5.f4 c5 6.Nf3 Nc6 7.Be3 cxd4 8.Nxd4 Bc5
9.Qd2 O-O 10.O-O-O a6 11.h4 Nxd4 12.Bxd4 b5 13.Rh3 b4 14.Na4 Bxd4 15.Qxd4 a5
16.Bb5 Rb8 17.Be2 f6 18.exf6 Qxf6 19.Re3 Qxf4 20.Qxf4 Rxf4 21.Rxe6 Nf6 22.Rb6 Rxb6
23.Nxb6 Be6 24.Bf3 d4 25.Re1 Bg4 26.Nd5 Nxd5 27.Bxd5+ Kf8 28.Kd2 Bf5 29.Bf3 g6
30.Re5 a4 31.Ra5 b3 32.cxb3 axb3 33.a3 Rxh4 34.Rb5 Bc2 35.Rb4 g5 36.a4 Rf4
37.a5 g4 38.Be2 Rf5 39.a6 Ra5 40.Rxd4 h5 41.Rd7 Be4 42.g3 h4 43.gxh4 g3 44.Ke3 g2
45.Kf2 Ra1 46.Rd1 Ra2 47.Rd4 Ra1 48.Bd1 Bc2 49.Kxg2 Bxd1 50.a7 Rxa7 51.Rxd1 Rc7
52.Rd2 Rc2 53.Rf2+ Kg7 54.Kf3 Kg6 55.Ke3 Rc5 56.Rg2+ Kh6 57.Kd3 Rc7 58.Re2 Kg7
59.Kd2 Rc4 60.Kd1 Rxh4 61.Re3 Rh2 62.Rxb3 Kf6 63.Kc1 Ke5 64.Rd3 Rh8 65.Kd2 Rc8
66.Rc3 Rb8 67.Kc2 Kd5 68.b3 Rb5 69.Kb2 Rc5 70.Rh3 Kc6 71.b4 Rg5  1/2-1/2

[Event "IM"]
[Site "Dieppe FRA"]
[Date "2009.08.23"]
[Round "1"]
[White "Mandon,F"]
[Black "Song,Ju"]
[Result "1/2-1/2"]
[WhiteElo "2251"]
[BlackElo "2319"]

1.e4 e6 2.d4 d5 3.Nc3 Nf6 4.e5 Nfd7 5.f4 c5 6.Nf3 a6 7.Be3 b5 8.Qd2 b4 9.Ne2 Nc6
10.Ng3 Be7 11.Be2 O-O 12.O-O g6 13.dxc5 Nxc5 14.Nd4 Bb7 15.Nxc6 Bxc6 16.Qxb4 Na4
17.Qd4 Bc5 18.Qd2 Bxe3+ 19.Qxe3 Nxb2 20.Rab1 Na4 21.Qd4 Qa5 22.Rb3 Bb5 23.Bxb5 axb5
24.f5 Qb6 25.Qxb6 Nxb6 26.fxe6 fxe6 27.Rxb5 Rxf1+ 28.Kxf1 Nc4 29.Ne2 Ne3+
30.Kf2 Nxc2 31.Rb2 Na3 32.Rb6 Nc4 33.Rxe6 Kf7 34.Nf4 Rxa2+ 35.Kg3 Nd2 36.Rf6+ Ke8  1/2-1/2

[Event "5th Geller Mem Open A"]
[Site "Odessa UKR"]
[Date "2009.08.25"]
[Round "6"]
[White "Varchenko,G"]
[Black "Naboka,S"]
[Result "0-1"]
[WhiteElo "2149"]
[BlackElo "2021"]

1.e4 e6 2.d4 d5 3.Nc3 Nf6 4.e5 Nfd7 5.f4 c5 6.Nf3 Nc6 7.Be3 cxd4 8.Nxd4 Bc5
9.Qd2 a6 10.O-O-O O-O 11.g4 Nxd4 12.Bxd4 b5 13.Bxc5 Nxc5 14.Qd4 Qc7 15.Bg2 Rb8
16.Kb1 b4 17.Ne2 Bd7 18.Ng3 Na4 19.Ka1 Qxc2 20.Rd2 Qc7 21.f5 Rfc8 22.Rb1 Nc5
23.b3 a5 24.f6 a4 25.Qe3 Nxb3+ 26.axb3 axb3 27.Qxb3 Qxe5+  0-1

[Event "XI Sants Open"]
[Site "Barcelona ESP"]
[Date "2009.08.30"]
[Round "10"]
[White "Alsina Leal,D"]
[Black "Brethes,F"]
[Result "0-1"]
[WhiteElo "2529"]
[BlackElo "2255"]

1.e4 e6 2.d4 d5 3.Nc3 Nf6 4.e5 Nfd7 5.f4 c5 6.Nf3 Nc6 7.Be3 a6 8.Qd2 b5 9.a3 Qa5
10.dxc5 Bxc5 11.Bxc5 Nxc5 12.Bd3 b4 13.Ne2 Qb6 14.a4 a5 15.Ned4 Nxd4 16.Nxd4 Ba6
17.Bxa6 Qxa6 18.Nb5 O-O 19.Nc7 Qa7 20.Nxa8 Ne4 21.Qe2 Rxa8 22.Rd1 Rc8 23.f5 Qc5
24.fxe6 fxe6 25.Rd3 Qxc2 26.Qxc2 Rxc2 27.O-O Nd2 28.Rd1 Ne4 29.b3 Nc5 30.Rf3 h6
31.Rdf1 Kh7 32.h4 h5 33.Rf7 Nxb3 34.Re7 Nd4 35.Rff7 Kg6 36.Rxg7+ Kf5 37.Rg5+ Ke4
38.Rxh5 b3 39.Rb7 b2 40.Kh2 Nf3+ 41.Kg3 Nd2 42.Rh6 Rc3+ 43.Kg4 Nb3  0-1

[Event "ch-RUS HL"]
[Site "Ulan Ude RUS"]
[Date "2009.09.02"]
[Round "1"]
[White "Amonatov,F"]
[Black "Nikolenko,O"]
[Result "1-0"]
[WhiteElo "2643"]
[BlackElo "2533"]

1.e4 e6 2.d4 d5 3.Nc3 Nf6 4.e5 Nfd7 5.f4 c5 6.Nf3 Nc6 7.Be3 Be7 8.Qd2 O-O
9.dxc5 Bxc5 10.O-O-O Qa5 11.Bxc5 Nxc5 12.h4 Bd7 13.Rh3 Rac8 14.Rg3 Nb4 15.Nd4 f5
16.exf6 Rxf6 17.a3 Nxc2 18.Qxc2 Ne4 19.Rf3 Rxf4 20.Rxf4 Nxc3 21.bxc3 Rxc3
22.Qxc3 Qxc3+ 23.Nc2 e5 24.Rxd5 exf4 25.Rxd7 Qc6 26.Rd3 Qh6 27.Rd8+ Kf7 28.Rd7+ Kf8
29.Rxb7 f3+ 30.Kb2 f2 31.Rb4 Qf6+ 32.Kc1 Qe5 33.Kd2 h6 34.Rd4 g5 35.hxg5 hxg5
36.g4 Qa5+ 37.Rb4 Qe5 38.Rc4 Kg7 39.a4 Kf8 40.Ne3 Qb2+ 41.Kd3 a5 42.Ke4 Qb7+
43.Kd3 Qb2 44.Nd1 Qe5 45.Re4 Qd5+ 46.Rd4 Qf3+ 47.Kd2 Qf6 48.Rc4 Qa1 49.Ke2 Qa2+
50.Kf3 Qa1 51.Ne3 Qe1 52.Rc5 Qb4 53.Rf5+  1-0